<?xml version="1.0" encoding="UTF-8"?>
<record
    xmlns:xsi="http://www.w3.org/2001/XMLSchema-instance"
    xsi:schemaLocation="http://www.loc.gov/MARC21/slim http://www.loc.gov/standards/marcxml/schema/MARC21slim.xsd"
    xmlns="http://www.loc.gov/MARC21/slim">

  <leader>01533nam a2200205 a 4500</leader>
  <controlfield tag="001">000024351</controlfield>
  <controlfield tag="005">20200930022933.0</controlfield>
  <controlfield tag="008">110126s1996    ec a    r     000 | spa d</controlfield>
  <datafield tag="040" ind1=" " ind2=" ">
    <subfield code="a">DO-SdBNP</subfield>
    <subfield code="b">spa</subfield>
    <subfield code="c">BNPHU</subfield>
  </datafield>
  <datafield tag="082" ind1=" " ind2=" ">
    <subfield code="a">320.49866</subfield>
    <subfield code="b">S471i</subfield>
  </datafield>
  <datafield tag="111" ind1="1" ind2=" ">
    <subfield code="a">Seminario internacional organizado por la Corporaci&#xF3;n de Estudios para el desarrollo (CORDES) y el programa de las Naciones Unidas para el Desarrollo(PNUD)</subfield>
    <subfield code="c">Quito :</subfield>
    <subfield code="d">22 al 24 de julio de 1996</subfield>
    <subfield code="9">49940</subfield>
  </datafield>
  <datafield tag="245" ind1="1" ind2="0">
    <subfield code="a">Ecuador :</subfield>
    <subfield code="b">un problema de gobernabilidad /</subfield>
    <subfield code="c">Seminario internacional organizado por la Corporaci&#xF3;n de Estudios para el desarrollo (CORDES) y el programa de las Naciones Unidas para el Desarrollo(PNUD).</subfield>
  </datafield>
  <datafield tag="260" ind1=" " ind2=" ">
    <subfield code="a">Quito, (Ecuador) :</subfield>
    <subfield code="b">CORDES ,</subfield>
    <subfield code="c">1996.</subfield>
  </datafield>
  <datafield tag="300" ind1=" " ind2=" ">
    <subfield code="a">292 p. ;</subfield>
    <subfield code="c">20 cm.</subfield>
  </datafield>
  <datafield tag="500" ind1=" " ind2=" ">
    <subfield code="a">Incluye notas al pie de p&#xE1;ginas</subfield>
  </datafield>
  <datafield tag="505" ind1="0" ind2=" ">
    <subfield code="t">Presentaci&#xF3;n /</subfield>
    <subfield code="r">Osvaldo Hurtado</subfield>
    <subfield code="t">El concepto de gobernabilidad. Modelos positivos y negativos /</subfield>
    <subfield code="r">Michael Coppedge</subfield>
    <subfield code="t">Armonizaci&#xF3;n de reformas econ&#xF3;micas con reformas pol&#xED;ticas /</subfield>
    <subfield code="r">Forrest Colburn</subfield>
    <subfield code="t">La cultura pol&#xED;tica y ciudadana en el Ecuador /</subfield>
    <subfield code="r">Fernando Bustamante</subfield>
    <subfield code="t">Pol&#xED;tica econ&#xF3;mica y gobernabilidad en el Ecuador /</subfield>
    <subfield code="r">Germ&#xE1;nico Salgado</subfield>
    <subfield code="t">Gobernabilidad democr&#xE1;tica. La experiencia de Bolivia /</subfield>
    <subfield code="r">Gustavo Fern&#xE1;ndez</subfield>
    <subfield code="t">Reflexiones sobre la gobernabilidad. El caso de Chile /</subfield>
    <subfield code="r">Ricardo Solari</subfield>
    <subfield code="t">Lo ingobernabilidad en la sociedad /</subfield>
    <subfield code="r">Charles Melman, Marcel Czermak</subfield>
  </datafield>
  <datafield tag="650" ind1=" " ind2="4">
    <subfield code="a">Ecuador</subfield>
    <subfield code="x">Pol&#xED;tica y gobierno</subfield>
    <subfield code="9">49941</subfield>
  </datafield>
  <datafield tag="650" ind1=" " ind2="4">
    <subfield code="a">Ecuador</subfield>
    <subfield code="x">Condiciones sociales</subfield>
    <subfield code="9">49942</subfield>
  </datafield>
  <datafield tag="650" ind1=" " ind2="4">
    <subfield code="a">Reforma pol&#xED;tica</subfield>
    <subfield code="z">Ecuador</subfield>
    <subfield code="9">49943</subfield>
  </datafield>
  <datafield tag="952" ind1=" " ind2=" ">
    <subfield code="0">0</subfield>
    <subfield code="1">0</subfield>
    <subfield code="5">4</subfield>
    <subfield code="7">0</subfield>
    <subfield code="8">MO</subfield>
    <subfield code="a">GR</subfield>
    <subfield code="b">GR</subfield>
    <subfield code="c">CT</subfield>
    <subfield code="d">2011-01-26</subfield>
    <subfield code="i">LF1</subfield>
    <subfield code="l">0</subfield>
    <subfield code="o">320.49866 S471i</subfield>
    <subfield code="p">24351-10</subfield>
    <subfield code="r">2020-06-25</subfield>
    <subfield code="w">2020-06-25</subfield>
    <subfield code="y">4</subfield>
    <subfield code="Z">Pr&#xE9;stamo en sala</subfield>
  </datafield>
  <datafield tag="999" ind1=" " ind2=" ">
    <subfield code="c">23844</subfield>
    <subfield code="d">23844</subfield>
  </datafield>
</record>
